000 00475nam a22001697a 4500
008 170725b xxu||||| |||| 00| p tur d
020 _a9786058863798
041 _atur
050 _aPL248.E6878
100 _aAkbayır, Sıddık
_9786
245 _aŞiir Adımlı Bir Yolcu Haydar Ergülen
260 _aİstanbul
_bFerfir Yayınları
_c2010
300 _a425 sayfa
500 _aYayın Numarası:17; Portre Dizis: 2
650 0 _9145
_aTürk Edebiyatı
942 _2lcc
_cBK
999 _c1399
_d1375